| 000 | 00416nam a2200169Ia 4500 | ||
|---|---|---|---|
| 008 | 180207s9999 xx 000 0 und d | ||
| 020 | _a439668387 | ||
| 050 | _bC223 2000 | ||
| 100 | _aCanizares, Susan. | ||
| 245 | _aSupermarket / | ||
| 245 | _cSusan Canizares and Kama Einhorn. | ||
| 260 | _aNew York : | ||
| 260 | _bScholastic, | ||
| 260 | _c2000 | ||
| 300 | _aunpaged : | ||
| 300 | _bcolor illustrations ; | ||
| 999 |
_c355871 _d355871 |
||